Τοξικομανίες

Αποθηκεύτηκε σε:
Λεπτομέρειες βιβλιογραφικής εγγραφής
Κύριος συγγραφέας: Cancrini, Luigi, 1938-
Άλλοι συγγραφείς: Καραχάλιου, Ντίνα
Μορφή: Βιβλίο
Γλώσσα:Greek
Δημοσίευση: Αθήνα : Αποσπερίτης, [198-].
Σειρά:Βιβλιοθήκη βασικών γνώσεων
Θέματα:
Ετικέτες: Προσθήκη ετικέτας
Δεν υπάρχουν, Καταχωρήστε ετικέτα πρώτοι!

MARC

LEADER 00000cam a2200000 i 4500
001 1/77705
008 941103q19851995gr | ||| |||| ||gre||
020 |a 9602820098 
035 |a 1997  |b 3  |c Δωρεά  |l 10032732 
035 |a 1990 
040 |a GR-MyUA  |b gre  |e AACR2 
041 0 |a gre 
082 0 |a 362.293 
100 1 |a Cancrini, Luigi,   |d 1938- 
245 1 0 |a Τοξικομανίες /   |c Λουίτζι Κανκρίνι ; μετάφραση Ντίνα Καραχάλιου.  
260 |a Αθήνα :   |b Αποσπερίτης,   |c [198-].  
300 |a 150 σ. ;   |c 22 εκ.  
490 1 |a (Βιβλιοθήκη βασικών γνώσεων)  
500 |a Τίτλος πρωτοτύπου: Tossicomanie.  
650 0 0 |a Drug abuse. 
650 0 0 |a Drug abuse  |x Treatment. 
650 0 0 |a Drugs. 
700 1 |a Καραχάλιου, Ντίνα. 
830 0 |a Βιβλιοθήκη βασικών γνώσεων 
852 |a INST  |b RHODES  |e 19971219  |h 362.293 CAN  |p 005400005039  |q 005400005039  |t BK  |y 0 
852 |a INST  |b SAMOS  |e 19941103  |h 362.293 CAN  |p 005300002009  |q 005300002009  |t BK  |y 0 
852 |a INST  |b SAMOS  |e 19941103  |h 362.293 CAN  |p 005300002010  |q 005300002010  |t BK  |y 0 
901 |a BIBL-1997-2 
909 |a Σ  |b 000328 
909 |a Ρ  |b 048870 
909 |a Σ  |b 000327